00585nam a2200181Ia 450000500170000000800410001702000150005808200130007310000160008624500830010226000500018530000190023565000160025465000170027094200060028795200950029399900150038820240926054335.0240331s9999 xx 000 0 und d a8170461634 bSPIa801 aSpivak, G.C 2aA critique of postcolonial reason :bToward a history of the vanishing present aCalcuttabSeagull Books Private Limitedc1999 axiii, 449 p ., aPhilosophy  apostcolonial cL 001040708LaWERCLbWERCLcSSCd2024-03-31l0o 801 SPIp4235r2024-03-31w2024-03-31yL c3130d3130